000 00266nam a2200121Ia 4500
008 190216s9999||||xx |||||||||||||| ||und||
100 _aSurendra Mohan
245 0 _aHindi-Kala Gulab
260 _bSaradi Pub
_c2008
300 _a140
650 _aHindi
942 _cBK
999 _c16555
_d16555